000 00870nam a2200253Ia 4500
003 OSt
005 20220923211640.0
006 a|||||r|||| 00| 0
007 ta
008 220922b |||||||| |||| 00| 0 hin d
024 _a39,305
037 _cTextual
040 _aARTS
_cARTS
_bhin
041 _2hin
_ahin
082 _aO15vN, 152M7
100 _aभार्गव, दयानन्द, मक
245 0 _aआधुनिक - संस्कृत - साहित्य
246 _aĀdhunik - sanskṛut - sāhitya
260 _aजोधपुर
_b राजस्थानी ग्रन्थागार
_c1987
300 _a160पृ.
_ccm.
650 _aहिन्दी साहित्य
_9156264
942 _hO15vN, 152M7
_cTEXL
_2CC
999 _c302109
_d302109